000 00736nam a22001817a 4500
999 _c371390
_d371390
008 201127b ||||| |||| 00| 0 eng d
040 _aDE-2950
_bger
_cDE-2950
_erda
041 _ager
245 _aWenn die Müllpolizei ermittelt.
_bUmwelt: Für illegale Abfallentsorgung müssen letztlich alle Gebührenzahler aufkommen. Es sei denn, die Verursacher werden ausfindig gemacht./
_cInes Weber-Rath
264 _c2022
653 _aFrankfurt (Oder)
653 _aillegale Abfallentsorgung
773 _dFrankfurt (Oder) Märkisches Verlags- und Druckhaus GmbH & Co KG
_tMärkische Oderzeitung
_g33. Jahrgang (2022) Nr. 24 vom 29/30.01.2022, S. 17
942 _cA